| Tag |
First Indicator |
Second Indicator |
Subfields |
| LEADER |
00000cam a2200000Ii 4500 |
| 001 |
in00004040717 |
| 006 |
m o d |
| 007 |
cr cnu|||unuuu |
| 008 |
160801s2016 enka ob 001 0 eng d |
| 005 |
20221130133852.1 |
| 020 |
|
|
|a 9780444637901
|q electronic book
|
| 020 |
|
|
|a 0444637907
|q electronic book
|
| 020 |
|
|
|z 9780444637727
|q print
|
| 020 |
|
|
|z 0444637729
|q print
|
| 024 |
8 |
|
|a 99984361174
|
| 035 |
|
|
|a (NhCcYBP)ebc4584878
|
| 035 |
|
|
|a in00004040717
|
| 040 |
|
|
|a NhCcYBP
|c NhCcYBP
|d UtOrBLW
|
| 050 |
|
4 |
|a QH601
|b .S75 2016
|
| 060 |
|
4 |
|a QU 350
|
| 072 |
|
7 |
|a SCI
|x 056000
|2 bisacsh
|
| 082 |
0 |
4 |
|a 571.6/4
|2 23
|
| 100 |
1 |
|
|a Stillwell, William,
|e author.
|0 http://id.loc.gov/authorities/names/n2013188395
|
| 245 |
1 |
3 |
|a An introduction to biological membranes :
|b composition, structure and function /
|c William Stillwell.
|
| 250 |
|
|
|a Second edition.
|
| 264 |
|
1 |
|a London, United Kingdom ;
|a San Diego, CA, United States :
|b Academic Press is an imprint of Elsevier,
|c [2016]
|
| 300 |
|
|
|a 1 online resource.
|
| 336 |
|
|
|a text
|b txt
|2 rdacontent
|
| 337 |
|
|
|a computer
|b c
|2 rdamedia
|
| 338 |
|
|
|a online resource
|b cr
|2 rdacarrier
|
| 504 |
|
|
|a Includes bibliographical references and index.
|
| 588 |
|
|
|a Description based on online resource; title from digital title page (viewed on August 08, 2016).
|
| 500 |
|
|
|a Electronic resource.
|
| 650 |
|
0 |
|a Membranes (Biology)
|0 http://id.loc.gov/authorities/subjects/sh85083472
|
| 650 |
|
2 |
|a Cell Membrane
|x physiology.
|0 https://id.nlm.nih.gov/mesh/D002462Q000502
|
| 655 |
|
7 |
|a Electronic books.
|2 local
|
| 710 |
2 |
|
|a ProQuest (Firm)
|0 http://id.loc.gov/authorities/names/n2007068018
|
| 856 |
4 |
0 |
|u https://ebookcentral.proquest.com/lib/tamucs/detail.action?docID=4584878
|z Connect to the full text of this electronic book
|t 0
|
| 945 |
|
|
|a machinegen
|
| 955 |
|
|
|a YBP purchased DDA e-records
|
| 980 |
|
|
|b 216.00
|g 1
|
| 987 |
|
|
|a ybp13068754
|
| 999 |
f |
f |
|s 8d2ada84-9c58-49b6-83fe-bced7efc65a2
|i b7b3c289-f347-3e05-871f-9268414abb56
|t 0
|
| 952 |
f |
f |
|a Texas A&M University
|b College Station
|c Electronic Resources
|d Available Online
|t 0
|e QH601 .S75 2016
|h Library of Congress classification
|
| 998 |
f |
f |
|a QH601 .S75 2016
|t 0
|l Available Online
|